000 01000nam a2200253 i 4500
001 41956
003 ES-MaACL
005 20250717070754.0
007 t|
008 021227s1881 sp ||||1| spa d
100 1 _aCasas Barbosa, José.
_936213
245 1 0 _aManual de electricidad popular /
_cpor José Casas Barbosa.
260 _aMadrid :
_bEst. Tip. Editorial de G. Estrada,
_c1881.
300 _a240 p., [1] h. pleg. de lám. ;
_c17 cm.
490 1 _aBiblioteca enciclopédica popular ilustrada. Sección 3ª. Conocimientos útiles
530 _aDisponible en formato digital.
650 7 _aElectricidad
_2embne
_912159
650 4 _aElectrotecnia.
_912169
700 1 _aEstrada, Gregorio.
_9126979
830 1 _aBiblioteca enciclopédica popular ilustrada. Sección 3ª. Conocimientos útiles
_9180990
852 _aES-MaACL
_jF-13594
856 _uhttps://bibliotecadigital.jcyl.es/es/consulta/registro.do?id=31796
_zBiblioteca Digital de Castilla y León
999 _c41956
_d41956